[Event "32. Offene Senioren-LEM Sachsen-Anh. 65"]
[Site "Magdeburg, Germany"]
[Date "2024.07.01"]
[Round "1.1"]
[White "Koehler, Gerhard"]
[Black "Albert, Gerhard"]
[Result "1-0"]
[WhiteElo "2204"]
[BlackElo "1888"]
[PlyCount "83"]
[EventDate "2024.??.??"]

1. c4 c6 2. Nf3 d5 3. e3 e6 4. b3 Nf6 5. Bb2 Be7 6. Be2 Nbd7 7. O-O O-O 8. d3
b6 9. Nbd2 Bb4 10. a3 Bxd2 11. Qxd2 Bb7 12. Rac1 c5 13. Rfd1 Re8 14. cxd5 exd5
15. d4 Rc8 16. dxc5 Nxc5 17. Nd4 Nfe4 18. Qe1 Qf6 19. Ba1 Qg6 20. b4 Ne6 21.
Bb5 Nxd4 22. Bxd4 Red8 23. Bd3 Qe6 24. f3 Nd6 25. Qg3 g6 26. Qf4 Ne8 27. h4
Rxc1 28. Rxc1 Rc8 29. Rxc8 Bxc8 30. Qb8 Qd7 31. a4 Qc7 32. Qxc7 Nxc7 33. Be5
Na8 34. Bb5 Bb7 35. Bd7 Kf8 36. Bd6+ Kg7 37. b5 Kf6 38. g4 a6 39. g5+ Kg7 40.
bxa6 Bxa6 41. Bc6 b5 42. axb5 1-0

[Event "32. Offene Senioren-LEM Sachsen-Anh. 65"]
[Site "Magdeburg, Germany"]
[Date "2024.07.01"]
[Round "1.2"]
[White "Bondick, Karl-Heinz"]
[Black "Schnelzer, Reinhold"]
[Result "0-1"]
[WhiteElo "1887"]
[BlackElo "2162"]
[PlyCount "26"]
[EventDate "2024.??.??"]

1. d4 d5 2. e4 dxe4 3. Nc3 Nf6 4. f3 Bf5 5. g4 Bg6 6. Bg2 exf3 7. Qxf3 c6 8.
Nge2 e6 9. O-O Bd6 10. Bg5 Nbd7 11. Rae1 O-O 12. Ng3 Qb6 13. Nce2 Bxc2 0-1

[Event "32. Offene Senioren-LEM Sachsen-Anh. 65"]
[Site "Magdeburg, Germany"]
[Date "2024.07.01"]
[Round "1.3"]
[White "Okrajek, Alexander"]
[Black "Stummeyer, Dieter"]
[Result "1-0"]
[WhiteElo "2156"]
[BlackElo "1884"]
[PlyCount "52"]
[EventDate "2024.??.??"]

1. d4 Nf6 2. c4 e6 3. Nf3 d5 4. Nc3 Nbd7 5. cxd5 exd5 6. Bf4 a6 7. e3 b6 8. Bd3
Bb7 9. O-O Rc8 10. Qe2 b5 11. e4 Be7 12. e5 Nh5 13. Bd2 g6 14. e6 fxe6 15. Qxe6
Nf8 16. Qe2 Qd6 17. Rae1 c5 18. dxc5 Rxc5 19. Bg5 Rc7 20. Bxb5+ Kd8 21. Nd4 Nf6
22. Ba4 h6 23. Bh4 Rc4 24. Bg3 Qc5 25. Nb3 Qb4 26. a3 Qxc3 1-0

[Event "32. Offene Senioren-LEM Sachsen-Anh. 65"]
[Site "Magdeburg, Germany"]
[Date "2024.07.01"]
[Round "1.6"]
[White "Gehrmann, Dorit"]
[Black "Broemel, Richard"]
[Result "0-1"]
[WhiteElo "1881"]
[BlackElo "2123"]
[PlyCount "62"]
[EventDate "2024.??.??"]

1. e4 c6 2. d4 g6 3. Nf3 d5 4. exd5 cxd5 5. c3 Nf6 6. Bb5+ Bd7 7. Qe2 a6 8. Bd3
Bg7 9. Ne5 Nc6 10. Nxd7 Qxd7 11. Nd2 O-O 12. O-O Rfe8 13. f4 e6 14. Nf3 Qd6 15.
Ne5 b5 16. Nxc6 Qxc6 17. a3 Rab8 18. Bd2 Ne4 19. Rae1 f5 20. Bc1 a5 21. Be3 b4
22. axb4 axb4 23. c4 dxc4 24. Bxc4 Red8 25. Rd1 Rd6 26. Bxe6+ Rxe6 27. d5 Qa6
28. Qc2 Rd6 29. g4 b3 30. Qg2 Qc8 31. Rc1 Qd7 0-1

[Event "32. Offene Senioren-LEM Sachsen-Anh. 65"]
[Site "Magdeburg, Germany"]
[Date "2024.07.01"]
[Round "1.8"]
[White "Dehning-Busse, Karsten"]
[Black "Schmidt, Gerhard"]
[Result "0-1"]
[WhiteElo "1867"]
[BlackElo "2112"]
[PlyCount "68"]
[EventDate "2024.??.??"]

1. d4 Nf6 2. Nc3 d5 3. Bg5 c6 4. e3 Qb6 5. Rb1 Bf5 6. Bd3 Bg6 7. Nf3 Nbd7 8.
O-O e6 9. Re1 Be7 10. h3 O-O 11. Ne5 Qd8 12. f4 c5 13. Bxg6 hxg6 14. Nf3 Rc8
15. a3 a6 16. Ne2 b5 17. c3 Nb6 18. Ne5 Ne4 19. Bxe7 Qxe7 20. dxc5 Rxc5 21. Nd4
Nc4 22. Nef3 Rfc8 23. Nb3 R5c7 24. Nbd4 Rb7 25. Re2 Qd8 26. Qb3 Qe7 27. Rc1 Nc5
28. Qc2 Ne4 29. Qd3 Rbc7 30. Qd1 Ng3 31. Re1 Nxb2 32. Qc2 Na4 33. Qb3 Rxc3 34.
Rxc3 Rxc3 0-1

[Event "32. Offene Senioren-LEM Sachsen-Anh. 65"]
[Site "Magdeburg, Germany"]
[Date "2024.07.01"]
[Round "1.9"]
[White "Leibovitch, Iziaslav"]
[Black "Boldt, Heinrich"]
[Result "1-0"]
[WhiteElo "2105"]
[BlackElo "1866"]
[PlyCount "69"]
[EventDate "2024.??.??"]

1. Nf3 Nf6 2. g3 d5 3. Bg2 g6 4. O-O Bg7 5. d3 O-O 6. Nbd2 Re8 7. e4 dxe4 8.
dxe4 e5 9. c3 Nc6 10. Qc2 Qe7 11. b4 a6 12. a4 Be6 13. Ng5 Bd7 14. Ba3 Qd8 15.
Rfd1 h6 16. Ngf3 Qc8 17. Nc4 b5 18. axb5 axb5 19. Ne3 Qb7 20. Ne1 Be6 21. Nd3
Bf8 22. Nd5 Bxd5 23. exd5 Nd8 24. d6 c6 25. Nc5 Qb6 26. c4 Ne6 27. Nxe6 Rxe6
28. c5 Qb7 29. Bb2 Rxa1 30. Rxa1 Nd7 31. Ra5 Bg7 32. Qe2 f5 33. Bc3 e4 34. Qa2
Nf8 35. Bxg7 1-0

[Event "32. Offene Senioren-LEM Sachsen-Anh. 65"]
[Site "Magdeburg, Germany"]
[Date "2024.07.01"]
[Round "1.10"]
[White "Juergens, Peter"]
[Black "Andersen, Knut"]
[Result "1/2-1/2"]
[WhiteElo "1863"]
[BlackElo "2104"]
[PlyCount "40"]
[EventDate "2024.??.??"]

1. e4 c5 2. Nc3 Nc6 3. g3 g6 4. Bg2 Bg7 5. d3 e6 6. Nh3 Nge7 7. Be3 d6 8. Qd2
O-O 9. O-O Nd4 10. Nd1 Rb8 11. c3 Ndc6 12. f4 f5 13. Nhf2 b6 14. exf5 exf5 15.
d4 Bd7 16. b3 Be8 17. Nb2 Bf7 18. d5 Na5 19. Rac1 b5 20. Nfd1 a6 1/2-1/2

[Event "32. Offene Senioren-LEM Sachsen-Anh. 65"]
[Site "Magdeburg, Germany"]
[Date "2024.07.01"]
[Round "1.11"]
[White "Krueger, Erich"]
[Black "Cordes, Lothar"]
[Result "1-0"]
[WhiteElo "2095"]
[BlackElo "1858"]
[PlyCount "77"]
[EventDate "2024.??.??"]

1. d4 Nf6 2. c4 e5 3. dxe5 Ng4 4. Bf4 g5 5. Bg3 Bg7 6. Nf3 Nc6 7. Nc3 Ngxe5 8.
Nxe5 Nxe5 9. e3 d6 10. Rc1 Be6 11. b3 Qd7 12. Be2 O-O-O 13. O-O Kb8 14. Nb5 h5
15. h4 g4 16. Nd4 Nc6 17. Nxc6+ Qxc6 18. Qc2 Qc5 19. Rfd1 Be5 20. Bxe5 Qxe5 21.
g3 Rhe8 22. Rd4 Bd7 23. Rd5 Qh8 24. Qc3 Qxc3 25. Rxc3 Re5 26. Rcd3 Bf5 27. Rd2
Rde8 28. Kf1 a6 29. Ke1 Ka7 30. R2d4 Rxd5 31. Rxd5 Re5 32. Rxe5 dxe5 33. f3
gxf3 34. Bxf3 Bg6 35. Kd2 f5 36. Bd5 b5 37. b4 bxc4 38. Kc3 Kb6 39. Kxc4 1-0

[Event "32. Offene Senioren-LEM Sachsen-Anh. 65"]
[Site "Magdeburg, Germany"]
[Date "2024.07.01"]
[Round "1.12"]
[White "Fleischer, Martin"]
[Black "Schober, Ralf"]
[Result "0-1"]
[WhiteElo "1857"]
[BlackElo "2090"]
[PlyCount "106"]
[EventDate "2024.??.??"]

1. e4 d6 2. d4 Nf6 3. Bd3 e5 4. c3 d5 5. dxe5 Nxe4 6. Bxe4 dxe4 7. Qxd8+ Kxd8
8. Nd2 Nc6 9. Nxe4 Nxe5 10. f4 Nd3+ 11. Ke2 Nxc1+ 12. Rxc1 Bf5 13. Ng3 Bg4+ 14.
Nf3 Bd6 15. h3 Bxf4 16. Rcd1+ Ke7 17. hxg4 Bxg3 18. Nd4 g6 19. Rh3 Bd6 20. Nb5
Rae8 21. Rhd3 Rd8 22. Kf3 h5 23. gxh5 Rxh5 24. Nd4 Kf8 25. a4 a6 26. b4 Re8 27.
g3 Kg7 28. Rb1 Rh3 29. Kg2 Reh8 30. Ne2 R8h5 31. Rbd1 Rh2+ 32. Kf3 Rf5+ 33. Nf4
Ra2 34. a5 Rc2 35. R1d2 Rxd2 36. Rxd2 Bxf4 37. gxf4 g5 38. Rd7 Rxf4+ 39. Ke3
Rc4 40. Kd3 Rc6 41. Re7 Kf6 42. Re8 g4 43. c4 Rd6+ 44. Kc3 Kf5 45. Re7 g3 46.
Rxf7+ Rf6 47. Rd7 g2 48. Rd1 Ke4 49. Rg1 Rf3+ 50. Kd2 Rf2+ 51. Kc3 Re2 52. b5
Ra2 53. Kb4 Kf3 0-1

[Event "32. Offene Senioren-LEM Sachsen-Anh. 65"]
[Site "Magdeburg, Germany"]
[Date "2024.07.01"]
[Round "1.13"]
[White "Kolthoff, Siegmund"]
[Black "Schwarz, Hans"]
[Result "1-0"]
[WhiteElo "2090"]
[BlackElo "1856"]
[PlyCount "125"]
[EventDate "2024.??.??"]

1. Nf3 e6 2. g3 f5 3. Bg2 Nf6 4. O-O d5 5. b3 Bd6 6. d4 O-O 7. c4 c6 8. Ba3 b6
9. Qc1 Bb7 10. Rd1 Qe7 11. Bxd6 Qxd6 12. Nbd2 Nbd7 13. Qb2 Ng4 14. e3 Rac8 15.
Rac1 Rfe8 16. b4 Rb8 17. Qc3 Rbc8 18. h3 Ngf6 19. Ne5 Ne4 20. Qb2 Nxe5 21. dxe5
Qe7 22. Nf1 Ng5 23. f4 Nf7 24. c5 Ba6 25. Nd2 Qb7 26. a3 Rb8 27. Qd4 Bb5 28.
Bf3 Qa6 29. Rc3 Nd8 30. g4 g6 31. Kf2 Nb7 32. gxf5 exf5 33. cxb6 Qxb6 34. Rdc1
Nd8 35. Nb3 Ne6 36. Qxb6 axb6 37. Be2 Ba4 38. Nd4 Nxd4 39. exd4 Ra8 40. h4 Re6
41. Ke3 Kg7 42. Bd3 Re7 43. Rg1 Kf7 44. Kd2 Rea7 45. Kc1 Rb8 46. Kb2 Rc7 47.
Rgc1 Rbc8 48. Ba6 Ra8 49. Be2 Rac8 50. h5 Kg7 51. Bd3 Kf7 52. Rh1 Rg8 53. Rcc1
Ra7 54. Rcg1 c5 55. hxg6+ hxg6 56. Rh7+ Rg7 57. Rxg7+ Kxg7 58. Bxf5 Be8 59.
Bxg6 Bxg6 60. f5 cxb4 61. Rxg6+ Kf8 62. axb4 Rb7 63. Rd6 1-0

[Event "32. Offene Senioren-LEM Sachsen-Anh. 65"]
[Site "Magdeburg, Germany"]
[Date "2024.07.01"]
[Round "1.14"]
[White "Kluever, Horst"]
[Black "Waagener, Ulrich"]
[Result "0-1"]
[WhiteElo "1850"]
[BlackElo "2080"]
[PlyCount "56"]
[EventDate "2024.??.??"]

1. e4 Nf6 2. Nc3 d5 3. exd5 Nxd5 4. Nxd5 Qxd5 5. d4 Nc6 6. Be3 g6 7. a3 Bf5 8.
Nf3 Bg7 9. Qd2 O-O 10. c4 Qe4 11. Ng5 Qc2 12. Nf3 Rad8 13. Rd1 Qb3 14. Qc3
Qxc3+ 15. bxc3 e5 16. Be2 e4 17. Nd2 Rfe8 18. Nb3 Bc8 19. O-O b6 20. Bf4 Rd7
21. c5 Ne7 22. Bc4 Bb7 23. Bb5 c6 24. Be2 Nd5 25. Bd2 e3 26. Be1 Nf4 27. Nc1
Nxe2+ 28. Nxe2 Ba6 0-1

[Event "32. Offene Senioren-LEM Sachsen-Anh. 65"]
[Site "Magdeburg, Germany"]
[Date "2024.07.01"]
[Round "1.15"]
[White "Ruether, Rudolf"]
[Black "Boettcher, Frank"]
[Result "1/2-1/2"]
[WhiteElo "2065"]
[BlackElo "1848"]
[PlyCount "56"]
[EventDate "2024.??.??"]

1. d4 Nf6 2. c4 e5 3. dxe5 Ng4 4. Bf4 Bb4+ 5. Nd2 Nc6 6. Ngf3 Qe7 7. e3 Ngxe5
8. Be2 d6 9. O-O a5 10. Nb3 a4 11. Nbd4 O-O 12. Rc1 Re8 13. Nb5 Ng6 14. Bg3 f5
15. Bd3 Nce5 16. a3 Bc5 17. Nc3 Bd7 18. Nd5 Qd8 19. Be2 Nxf3+ 20. Bxf3 Ne5 21.
Be2 Ng6 22. Bh5 Be6 23. Bxg6 hxg6 24. Nf4 Bf7 25. h4 Re4 26. Re1 g5 27. hxg5
Qxg5 28. Nd3 Bxe3 1/2-1/2

[Event "32. Offene Senioren-LEM Sachsen-Anh. 65"]
[Site "Magdeburg, Germany"]
[Date "2024.07.01"]
[Round "1.16"]
[White "Hoelzel, Gerhard"]
[Black "Matthey, Harald"]
[Result "0-1"]
[WhiteElo "1839"]
[BlackElo "2063"]
[PlyCount "62"]
[EventDate "2024.??.??"]

1. f4 g6 2. Nf3 Bg7 3. e3 b6 4. Be2 Bb7 5. O-O c5 6. d3 d5 7. c3 Nh6 8. d4 O-O
9. Ne5 f6 10. Ng4 Nf5 11. Na3 a6 12. Nc2 Nd7 13. Bf3 Nh4 14. Be2 e6 15. g3 Nf5
16. Bf3 Nd6 17. Nf2 Qc7 18. Bd2 e5 19. fxe5 fxe5 20. Bg2 Rae8 21. Nd3 Rxf1+ 22.
Bxf1 a5 23. Nde1 Nc4 24. Rb1 Bh6 25. b3 Nxd2 26. Qxd2 Nf6 27. Ng2 Ne4 28. Qe1
cxd4 29. c4 Ng5 30. Qe2 d3 31. Qxd3 Nh3+ 0-1

[Event "32. Offene Senioren-LEM Sachsen-Anh. 65"]
[Site "Magdeburg, Germany"]
[Date "2024.07.01"]
[Round "1.17"]
[White "Pranner, Marion"]
[Black "Roth, Heinz-Georg"]
[Result "1/2-1/2"]
[WhiteElo "2055"]
[BlackElo "1830"]
[PlyCount "40"]
[EventDate "2024.??.??"]

1. e4 e5 2. Nf3 Nf6 3. Nc3 d6 4. d3 Be7 5. h3 O-O 6. Bg5 c6 7. a4 Qc7 8. Be2
Nbd7 9. O-O Re8 10. Nh2 Nf8 11. Bxf6 Bxf6 12. Bg4 Ne6 13. Ne2 d5 14. exd5 cxd5
15. c3 g6 16. Qc2 h5 17. Bf3 Qd6 18. Rfd1 Bd7 19. b4 a6 20. Ng3 Rac8 1/2-1/2

[Event "32. Offene Senioren-LEM Sachsen-Anh. 65"]
[Site "Magdeburg, Germany"]
[Date "2024.07.01"]
[Round "1.18"]
[White "Brandt, Joachim"]
[Black "Krueger, Wolfgang"]
[Result "0-1"]
[WhiteElo "1829"]
[BlackElo "2054"]
[PlyCount "56"]
[EventDate "2024.??.??"]

1. e4 c6 2. d4 g6 3. Bd3 Bg7 4. c3 d5 5. Nd2 Nh6 6. Ne2 O-O 7. O-O Kh8 8. Ng3
f6 9. Nf3 Nf7 10. Be3 e5 11. Qd2 dxe4 12. Nxe4 f5 13. Bg5 Nxg5 14. Nexg5 e4 15.
Nxh7 exf3 16. Nxf8 Qxf8 17. Qf4 Bf6 18. Rfe1 Bd7 19. Qxf3 Qd6 20. Re2 Na6 21.
Rae1 Nc7 22. h4 Kg7 23. h5 Rh8 24. g3 Rxh5 25. Bc2 Ne6 26. Bb3 Ng5 27. Qg2 f4
28. gxf4 Nh3+ 0-1

[Event "32. Offene Senioren-LEM Sachsen-Anh. 65"]
[Site "Magdeburg, Germany"]
[Date "2024.07.01"]
[Round "1.20"]
[White "Neubauer, Uwe"]
[Black "Haase, Reinhard"]
[Result "1/2-1/2"]
[WhiteElo "1827"]
[BlackElo "2044"]
[PlyCount "63"]
[EventDate "2024.??.??"]

1. Nf3 c5 2. c4 Nc6 3. g3 e5 4. Nc3 f5 5. d3 d6 6. Bg2 Be7 7. e3 Nf6 8. a3 O-O
9. O-O Kh8 10. Rb1 d5 11. cxd5 Nxd5 12. Bd2 Nxc3 13. Bxc3 Bf6 14. Qc2 a5 15.
Ne1 Be6 16. f4 exf4 17. Bxf6 Rxf6 18. Rxf4 Rc8 19. Nf3 b6 20. Rd1 Qg8 21. Qc3
Ne7 22. Ng5 Ng6 23. Rf2 Rcf8 24. Nxe6 Qxe6 25. d4 cxd4 26. Qxd4 Ne5 27. Bd5 Qe7
28. Bb3 Ng4 29. Rf3 h5 30. h3 Ne5 31. Rf2 Rg6 32. Kh2 1/2-1/2

[Event "32. Offene Senioren-LEM Sachsen-Anh. 65"]
[Site "Magdeburg, Germany"]
[Date "2024.07.01"]
[Round "1.21"]
[White "Bauer, Burkhard"]
[Black "Hauke, Hans"]
[Result "0-1"]
[WhiteElo "2043"]
[BlackElo "1824"]
[PlyCount "77"]
[EventDate "2024.??.??"]

1. d4 d5 2. Nf3 Nf6 3. Bf4 c5 4. e3 Nc6 5. c3 e6 6. Nbd2 Bd6 7. Bg3 O-O 8. Bd3
a6 9. Qe2 b5 10. e4 dxe4 11. Nxe4 Bxg3 12. hxg3 g6 13. Nxc5 e5 14. Nxe5 Re8 15.
O-O Nxe5 16. dxe5 Qd5 17. Qf3 Qxf3 18. gxf3 Rxe5 19. Ne4 Nxe4 20. Bxe4 Ra7 21.
a4 Rc7 22. Rfd1 bxa4 23. Rxa4 Rb5 24. Rd2 Rb6 25. Bd5 Kg7 26. c4 Bb7 27. Bxb7
Rcxb7 28. c5 Rxb2 29. Rxb2 Rxb2 30. Rxa6 Rc2 31. Rc6 Kf8 32. Rc7 Ke8 33. Kg2
Rd2 34. f4 Rd7 35. Rxd7 Kxd7 36. Kf3 Kc6 37. Ke4 Kxc5 38. Ke5 Kc4 39. Kf6 0-1

[Event "32. Offene Senioren-LEM Sachsen-Anh. 65"]
[Site "Magdeburg, Germany"]
[Date "2024.07.01"]
[Round "1.22"]
[White "Kramell, Ralph F. K"]
[Black "Kopp, Peter"]
[Result "1/2-1/2"]
[WhiteElo "1824"]
[BlackElo "2014"]
[PlyCount "65"]
[EventDate "2024.??.??"]

1. Nc3 d6 2. e4 e5 3. Bc4 Nf6 4. Nge2 Be7 5. d3 O-O 6. O-O c6 7. a4 a5 8. Kh1
Nbd7 9. Ng3 Nc5 10. f4 Be6 11. Bxe6 Nxe6 12. Nf5 exf4 13. Nxe7+ Qxe7 14. Bxf4
Nxf4 15. Rxf4 g6 16. b3 Qe5 17. Ne2 Nh5 18. Rf2 Rae8 19. Qf1 Re7 20. g4 Ng7 21.
Qg1 d5 22. exd5 Qxd5+ 23. Qg2 Qxg2+ 24. Kxg2 Rfe8 25. Ng3 Ne6 26. Ne4 Kg7 27.
Raf1 Rd8 28. Kg3 h6 29. h4 Rd5 30. Nf6 Re5 31. Ne4 Rd5 32. Nf6 Re5 33. Ne4
1/2-1/2

[Event "32. Offene Senioren-LEM Sachsen-Anh. 65"]
[Site "Magdeburg, Germany"]
[Date "2024.07.01"]
[Round "1.23"]
[White "Klettke, Wolfgang"]
[Black "Jacob, Barbara"]
[Result "1/2-1/2"]
[WhiteElo "2008"]
[BlackElo "1824"]
[PlyCount "72"]
[EventDate "2024.??.??"]

1. e4 d6 2. d4 e6 3. f4 Ne7 4. Nf3 h6 5. Bd3 g6 6. O-O Bg7 7. Be3 Nd7 8. g4 b6
9. c4 Bb7 10. Nc3 a6 11. f5 e5 12. d5 Nf6 13. h3 Qd7 14. b4 gxf5 15. exf5 Rg8
16. Ne4 Nxe4 17. Bxe4 f6 18. a4 Bf8 19. Kf2 Nc8 20. Qd2 Qg7 21. Nh4 Ne7 22. c5
h5 23. Rg1 Qh7 24. g5 fxg5 25. Bxg5 Qf7 26. cxd6 cxd6 27. Bxe7 Bxe7 28. Ng6 Kd7
29. Kg2 Bf6 30. Rgd1 Rac8 31. Qe3 Rc4 32. Qxb6 Ke8 33. Qe3 Kd7 34. b5 a5 35.
Qb6 Ke8 36. Qe3 Bd8 1/2-1/2

[Event "32. Offene Senioren-LEM Sachsen-Anh. 65"]
[Site "Magdeburg, Germany"]
[Date "2024.07.01"]
[Round "1.25"]
[White "Pfitzer, Norbert"]
[Black "Reimann, Reinhold"]
[Result "1-0"]
[WhiteElo "1998"]
[BlackElo "1813"]
[PlyCount "53"]
[EventDate "2024.??.??"]

1. d4 e6 2. c4 d5 3. Nf3 Nf6 4. Nc3 c6 5. e3 Bb4 6. Qb3 Bxc3+ 7. bxc3 O-O 8.
Be2 Nbd7 9. O-O Ne4 10. cxd5 exd5 11. c4 Nb6 12. cxd5 cxd5 13. Ne5 f6 14. Nd3
Be6 15. f3 Nd6 16. e4 Bf7 17. e5 Nf5 18. Bb2 Nc4 19. Nf4 fxe5 20. dxe5 Nxb2 21.
Qxb2 g5 22. Nd3 b6 23. f4 Ne3 24. Rf3 d4 25. fxg5 Bd5 26. Rxf8+ Qxf8 27. Qxd4
1-0

[Event "32. Offene Senioren-LEM Sachsen-Anh. 65"]
[Site "Magdeburg, Germany"]
[Date "2024.07.01"]
[Round "1.27"]
[White "Christen, Pierre"]
[Black "Freitag, Ingo"]
[Result "1-0"]
[WhiteElo "1986"]
[BlackElo "1810"]
[PlyCount "99"]
[EventDate "2024.??.??"]

1. c4 e5 2. g3 Nf6 3. Bg2 c6 4. d4 exd4 5. Qxd4 Be7 6. Nc3 d6 7. Nf3 O-O 8. O-O
Nbd7 9. Bf4 Ne8 10. Rad1 Ndf6 11. e4 Bg4 12. e5 Nh5 13. exd6 Bf6 14. Be5 Bxe5
15. Qxe5 Nhf6 16. h3 Be6 17. b3 Nd7 18. Qe3 Nef6 19. c5 Re8 20. Qd4 h6 21. Rfe1
Nh7 22. b4 Nhf8 23. a4 Qf6 24. a5 a6 25. Qxf6 Nxf6 26. Nd4 Bd7 27. Nf3 Rxe1+
28. Rxe1 Re8 29. Kf1 Rxe1+ 30. Kxe1 Be6 31. Nd4 Bd7 32. Kd2 Ne6 33. Nxe6 Bxe6
34. Ke3 Bd7 35. g4 g6 36. f4 Ne8 37. Kd4 f6 38. Bf3 Kf7 39. Be2 g5 40. Bc4+ Kf8
41. Na4 Ng7 42. Nb6 Ke8 43. fxg5 hxg5 44. Ke4 Kd8 45. Bf7 Be8 46. Bxe8 Kxe8 47.
Na8 Kd7 48. Nc7 Kc8 49. Kf3 Kd7 50. Kg3 1-0

[Event "32. Offene Senioren-LEM Sachsen-Anh. 65"]
[Site "Magdeburg, Germany"]
[Date "2024.07.01"]
[Round "1.28"]
[White "Weigelt, Joachim"]
[Black "Lorenz, Dietmar"]
[Result "0-1"]
[WhiteElo "1810"]
[BlackElo "1981"]
[PlyCount "86"]
[EventDate "2024.??.??"]

1. e4 c6 2. d4 d5 3. e5 c5 4. c3 Bf5 5. g4 Be4 6. f3 Bg6 7. h4 h5 8. g5 e6 9.
Ne2 Ne7 10. Nf4 Bf5 11. Bd3 g6 12. Be3 Nbc6 13. Na3 a6 14. Rc1 Bxd3 15. Qxd3 c4
16. Qc2 Nf5 17. Bf2 Qa5 18. Ne2 Bxa3 19. bxa3 Qxa3 20. O-O O-O 21. Rb1 b5 22.
Rb2 Rfb8 23. Rfb1 Rb7 24. Kh2 Rab8 25. Kh3 Nfe7 26. Nf4 Kg7 27. Ne2 Nc8 28. Qc1
Nb6 29. Qf4 Nd7 30. Qc1 a5 31. Qc2 b4 32. Kg2 b3 33. axb3 cxb3 34. Qc1 Qa4 35.
Qd2 Qc4 36. Nc1 a4 37. Ra1 Ra7 38. Ra3 Na5 39. Rb1 Qc6 40. c4 Nxc4 41. Qc3 Qb7
42. Raxb3 axb3 43. Rxb3 Qc8 0-1

[Event "32. Offene Senioren-LEM Sachsen-Anh. 65"]
[Site "Magdeburg, Germany"]
[Date "2024.07.01"]
[Round "1.29"]
[White "Richter, Rainer"]
[Black "Bielfeldt, Michael"]
[Result "1-0"]
[WhiteElo "1981"]
[BlackElo "1810"]
[PlyCount "152"]
[EventDate "2024.??.??"]

1. d4 d5 2. Nf3 Bf5 3. c4 c6 4. Nc3 e6 5. Qb3 Qb6 6. e3 Nf6 7. c5 Qc7 8. Bd2
Nbd7 9. Be2 h6 10. O-O Be7 11. Qd1 O-O 12. b4 e5 13. Nh4 Bh7 14. f4 exd4 15.
exd4 Ne4 16. Nxe4 Bxh4 17. Nf2 Bf6 18. Be3 Rfe8 19. Qd2 Nf8 20. Ng4 Bd8 21. f5
f6 22. Bd3 Kh8 23. Bf4 Qf7 24. a4 Bc7 25. b5 a6 26. bxa6 bxa6 27. Rab1 Rab8 28.
Rxb8 Rxb8 29. Bxa6 Bxf4 30. Qxf4 Ra8 31. Bd3 Rxa4 32. Rb1 Ra3 33. Nf2 Qe8 34.
g4 Bg8 35. h4 Nh7 36. Kg2 Ra2 37. Kf1 Qe7 38. Re1 Qb7 39. Rb1 Qe7 40. Re1 Qb7
41. Re8 Ra1+ 42. Kg2 Qb2 43. Rb8 Qc3 44. Re8 Qb2 45. Qb8 Qxb8 46. Rxb8 Ra4 47.
Rc8 Rxd4 48. Rxc6 Nf8 49. Rd6 Ra4 50. Rd8 Ra5 51. Rxf8 Rxc5 52. Rd8 Kh7 53. Rd7
Ra5 54. Kg3 Ra3 55. Kf4 Ra2 56. Ke3 Ra4 57. Bb5 Ra5 58. Bc6 Rc5 59. Ba4 Rc3+
60. Nd3 Rc4 61. Bd1 Rc3 62. Bf3 Ra3 63. Bxd5 Bxd5 64. Rxd5 Ra4 65. Nf4 Ra3+ 66.
Rd3 Ra8 67. Ne6 Rg8 68. Rd7 Kh8 69. Kf4 Kh7 70. Rd8 Rxd8 71. Nxd8 Kg8 72. Ke4
Kh7 73. h5 Kg8 74. Kd5 Kf8 75. Ke6 Ke8 76. Nf7 Kf8 1-0

[Event "32. Offene Senioren-LEM Sachsen-Anh. 65+"]
[Site "Magdeburg"]
[Date "2024.07.01"]
[Round "1.31"]
[White "Graßmann, Heinz"]
[Black "Eberhardt, Michael"]
[Result "0-1"]
[WhiteElo "1972"]
[BlackElo "1801"]
[PlyCount "52"]
[EventDate "2024.??.??"]
[WhiteTeam "USC Magdeburg"]
[BlackTeam "SC Agon Neumünster"]

1. d4 Nf6 2. c4 g6 3. Nc3 d5 4. Nf3 Bg7 5. e3 O-O 6. Be2 c5 7. O-O Nc6 8. b3
cxd4 9. exd4 Bg4 10. Be3 Qa5 11. Qd2 Rad8 12. c5 Rfe8 13. a3 e5 14. b4 Qc7 15.
Nxe5 Nxe5 16. dxe5 Ne4 17. Nxe4 Bxe2 18. Nd6 Bxf1 19. Nxe8 Rxe8 20. Rxf1 Bxe5
21. Qxd5 Bxh2+ 22. Kh1 Be5 23. Rd1 Kg7 24. Bd4 Bxd4 25. Qxd4+ Kg8 26. Qd7 Re1+
0-1

[Event "32. Offene Senioren-LEM Sachsen-Anh. 65+"]
[Site "Magdeburg"]
[Date "2024.07.01"]
[Round "1.32"]
[White "Peter, Volkhard"]
[Black "Barten, Ralf"]
[Result "0-1"]
[WhiteElo "1800"]
[BlackElo "1970"]
[PlyCount "56"]
[EventDate "2024.??.??"]
[WhiteTeam "SV Einheit Schwerin"]
[BlackTeam "SV Schwarz-Weiß Remscheid"]

1. e4 c6 2. d4 d5 3. f3 e6 4. Bd3 c5 5. Bb5+ Bd7 6. Bxd7+ Qxd7 7. Be3 Nc6 8.
Ne2 cxd4 9. Nxd4 dxe4 10. fxe4 Rd8 11. c3 e5 12. O-O exd4 13. cxd4 Nxd4 14. Nc3
Bc5 15. Qh5 b6 16. Qe5+ Ne6 17. Bxc5 bxc5 18. Rad1 Qc8 19. Nb5 Nf6 20. Nd6+
Rxd6 21. Rxd6 O-O 22. Rfd1 Qa8 23. Re1 Rd8 24. Rxd8+ Qxd8 25. Kf1 h6 26. Qc3
Ng4 27. Qg3 Qf6+ 28. Qf3 Nxh2+ 0-1

[Event "32. Offene Senioren-LEM Sachsen-Anh. 65+"]
[Site "Magdeburg"]
[Date "2024.07.01"]
[Round "1.33"]
[White "Poetke, Dan-Peter"]
[Black "Klimpel, Siegfried"]
[Result "1/2-1/2"]
[WhiteElo "1968"]
[BlackElo "1796"]
[PlyCount "96"]
[EventDate "2024.??.??"]
[WhiteTeam "Burger Schachclub Schwarz-Weiß"]
[BlackTeam "TSV Kareth-Lappersdorf"]

1. d4 e5 2. dxe5 d6 3. Nf3 Nc6 4. Bf4 Bg4 5. exd6 Qf6 6. d7+ Bxd7 7. Qc1 h6 8.
Bxc7 Rc8 9. Bg3 g5 10. c3 Nge7 11. Nbd2 Nf5 12. Ne4 Qe6 13. Qb1 Nxg3 14. hxg3
Bg7 15. Nc5 Qe7 16. Qe4 Ne5 17. Nxd7 Nxd7 18. Qxe7+ Kxe7 19. O-O-O Nc5 20. Nd4
Ne4 21. Nf5+ Kf6 22. g4 Rc6 23. g3 Nxf2 24. Bg2 Rb6 25. Rhf1 Nxd1 26. Kxd1 Rd8+
27. Kc2 Re8 28. Nd6+ Ke7 29. Nxe8 Kxe8 30. Bd5 Rf6 31. Rxf6 Bxf6 32. Bxb7 Be5
33. Kd3 Bxg3 34. Ke4 Ke7 35. Kd5 f5 36. gxf5 Kf6 37. Ke4 g4 38. Bc6 h5 39. Kd3
h4 40. e3 h3 41. Ke2 Be5 42. Kf1 g3 43. Bf3 Kxf5 44. b4 Bxc3 45. b5 Bd2 46. a4
Bxe3 47. a5 Kf4 48. Bc6 g2+ 1/2-1/2

[Event "32. Offene Senioren-LEM Sachsen-Anh. 65+"]
[Site "Magdeburg"]
[Date "2024.07.01"]
[Round "1.34"]
[White "Redeker, Frank"]
[Black "Domsgen, Bernd"]
[Result "0-1"]
[WhiteElo "1789"]
[BlackElo "1963"]
[PlyCount "80"]
[EventDate "2024.??.??"]
[WhiteTeam "Schachfreunde Brand 1981"]
[BlackTeam "Burger Schachclub Schwarz-Weiß"]

1. d4 Nf6 2. Bf4 g6 3. e3 Bg7 4. Nc3 O-O 5. Nf3 c5 6. Be2 b6 7. O-O Bb7 8. d5
d6 9. e4 Nbd7 10. Qd2 a6 11. Bh6 b5 12. Bxg7 Kxg7 13. a3 Qc7 14. h4 h5 15. Qg5
b4 16. axb4 cxb4 17. Nd4 Rh8 18. Nb1 Ne5 19. Nd2 Kf8 20. Qf4 Qb6 21. N2f3 Nxf3+
22. Nxf3 Rc8 23. Rfc1 Kg7 24. b3 Rc7 25. Bd3 Rhc8 26. Nd2 Qd4 27. Nf3 Qb6 28.
Bc4 a5 29. Nd2 Ng4 30. Rf1 Ne5 31. Rac1 Ba6 32. Bxa6 Qxa6 33. Nf3 Nxf3+ 34.
gxf3 Rxc2 35. Qg5 f6 36. Qe3 R2c3 37. Qd2 Rxb3 38. Rxc8 Qxc8 39. Qa2 Ra3 40.
Qb2 Qh3 0-1

[Event "32. Offene Senioren-LEM Sachsen-Anh. 65+"]
[Site "Magdeburg"]
[Date "2024.07.01"]
[Round "1.35"]
[White "Mikolajewski, Armin"]
[Black "Reimers, Christine"]
[Result "1/2-1/2"]
[WhiteElo "1961"]
[BlackElo "1779"]
[PlyCount "66"]
[EventDate "2024.??.??"]
[WhiteTeam "Naumburger Sportverein 1951"]
[BlackTeam "Itzehoer SV von 1923"]

1. d4 d6 2. c4 Nf6 3. Nc3 g6 4. Nf3 Bg7 5. e4 O-O 6. Bd3 c6 7. O-O Nbd7 8. h3
e5 9. dxe5 dxe5 10. Bg5 Qc7 11. Rc1 Nc5 12. Bb1 Ne6 13. Be3 Rd8 14. Qa4 Nd4 15.
Nd2 Nd7 16. Rcd1 Nc5 17. Qa3 Bf8 18. b4 Nce6 19. Qb2 b6 20. a3 Bb7 21. Ba2 Bg7
22. b5 Nf4 23. bxc6 Bxc6 24. Nd5 Qb7 25. Bxd4 Ne2+ 26. Kh1 Nxd4 27. Nf3 Nxf3
28. gxf3 Bxd5 29. Rxd5 Rxd5 30. cxd5 Qe7 31. Rd1 Qh4 32. Kg2 Qg5+ 33. Kf1 Qh4
1/2-1/2